| 000 | 00946nam a2200277 i 4500 | ||
|---|---|---|---|
| 001 | 181861 | ||
| 003 | ES-MaACL | ||
| 005 | 20250921063039.0 | ||
| 008 | 130503s2012 sp a | |||||||| | spa d | ||
| 020 | _a978-84-939635-0-7 | ||
| 080 | _a94(37)"-0030/+0476" | ||
| 080 | _a94(495)"03714" | ||
| 100 | 1 |
_aGibbon, Edward, _d1737-1794 _956630 |
|
| 245 | 1 | 0 |
_aDecadencia y caída del Imperio Romano / _cEdward Gibbon ; traducción, José Sánchez de León Menduiña. |
| 260 |
_aGirona : _bAtlanta, _c-2012. |
||
| 300 |
_av. <1> (p. CXXII-1471) : _b1 retr. ; _c23 cm. |
||
| 490 | 1 | _aMemoria mundi | |
| 500 | _aEn 2 v. | ||
| 594 | _aTítulo original: The decline and fall of the Roman Empire. | ||
| 651 | 4 |
_aRoma. _9139536 |
|
| 651 | 4 |
_aImperio bizantino- _xHistoria. _98834 |
|
| 700 | 1 |
_aSánchez de Léon Menduiña, José. _9152667 |
|
| 830 | 0 |
_aMemoria mundi _9224756 |
|
| 852 |
_aES-MaACL _jP-1962 |
||
| 999 |
_c181861 _d181861 |
||